000 00237nam a2200097Ia 4500
001 658635
005 20250826154639.0
008 250824s9999 xx 000 0 und d
245 0 _aBİN MUHTEŞEM GÜNEL
_cKHALED HOSSEINI
260 _bEVEREST
999 _c658635
_d658635